00273nam a2200109Ia 4500008004100000100001500041245004900056260002000105260000900125546001200134999001700146170619s9999 xx 000 0 und d aPrasad K D 0aINTRODUCTION TO ANTENNA AND WAVE PROPAGATION bSatya Prakashan c2009 aENGLISH c19030d19030